[Event "4MCR_3DW_1L_3S"]
[Site "CR"]
[Date "2011.??.??"]
[Round "?"]
[White "Glaser, Karel"]
[Black "Pecka, Josef"]
[Result "0-1"]
[WhiteElo "2222"]
[BlackElo "2352"]
[Annotator "030"]
[PlyCount "112"]
[EventDate "2011.??.??"]
[EventType "corr"]

1. e4 e6 2. d4 d5 3. Nc3 Nf6 4. e5 Nfd7 5. f4 c5 6. Nf3 Nc6 7. Be3 cxd4 8. Nxd4
Bc5 9. Qd2 O-O 10. g3 a6 11. Bg2 Nxd4 12. Bxd4 b5 13. Ne2 a5 14. a3 Ba6 15. b4
Bxd4 16. Nxd4 Nb6 17. O-O Nc4 18. Qf2 Qb6 19. Nb3 Qc7 20. Rfe1 Bb7 21. Bf1 Rfd8
22. Qc5 Qd7 23. Bd3 d4 24. bxa5 Nxa5 25. Qxb5 Bc6 26. Qc5 Nxb3 27. cxb3 Bf3 28.
a4 Rdc8 29. Qd6 Qa7 30. Rac1 Rc3 31. Rxc3 dxc3+ 32. Kf1 g6 33. f5 gxf5 34. Qb4
Rc8 35. Qf4 Qb7 36. Qg5+ Kf8 37. Rc1 Qxb3 38. Rb1 Qa3 39. Qf6 c2 40. Qh8+ Ke7
41. Qf6+ Kd7 42. Qxf7+ Qe7 43. Qxe7+ Kxe7 44. Rc1 Rc3 45. Bb5 Be4 46. Ke1 Rc5
47. Kd2 h5 48. Ke3 h4 49. Kd4 Rd5+ 50. Kc3 Rxe5 51. Bd3 Bxd3 52. Kxd3 Ra5 53.
Rxc2 Rxa4 54. Ke2 e5 55. Kf3 h3 56. Rb2 Kf6 0-1

[Event "4MCR_3DW_1L_3S"]
[Site "CR"]
[Date "2011.??.??"]
[Round "?"]
[White "Tunega, Frantisek"]
[Black "Vanek, Vladimir"]
[Result "1-0"]
[WhiteElo "2244"]
[BlackElo "1918"]
[Annotator "031 - PCL"]
[PlyCount "35"]
[EventDate "2011.??.??"]
[EventType "corr"]

1. e4 c5 2. Nf3 d6 3. d4 cxd4 4. Nxd4 Nf6 5. Nc3 Nc6 6. Bg5 e6 7. Qd2 a6 8.
O-O-O h6 9. Be3 Be7 10. f4 Nxd4 11. Bxd4 b5 12. Qe3 Qc7 13. e5 dxe5 14. fxe5
Nd7 15. Ne4 Bb7 16. Nd6+ Qxd6 17. exd6 Bg5 18. Qxg5 1-0

[Event "4MCR_3DW_1L_3S"]
[Site "CR"]
[Date "2011.??.??"]
[Round "?"]
[White "Vanek, Vladimir"]
[Black "Tunega, Frantisek"]
[Result "0-1"]
[WhiteElo "1918"]
[BlackElo "2244"]
[Annotator "032 - PCL"]
[PlyCount "34"]
[EventDate "2011.??.??"]
[EventType "corr"]

1. Nf3 Nf6 2. c4 d6 3. d4 g6 4. Nc3 Bg7 5. e4 O-O 6. Be2 Na6 7. O-O e5 8. Re1
c6 9. Bf1 Bg4 10. d5 Nb4 11. Be2 a5 12. Bg5 h6 13. Be3 Bd7 14. Nd2 Rb8 15. a3
Na6 16. Rc1 Qe7 17. Qb3 Rfc8 0-1

[Event "4MCR_3DW_1L_3S"]
[Site "CR"]
[Date "2011.??.??"]
[Round "?"]
[White "Schwarz, Jan"]
[Black "Vanek, Vladimir"]
[Result "1-0"]
[WhiteElo "2291"]
[BlackElo "1918"]
[Annotator "033 - PCL"]
[PlyCount "59"]
[EventDate "2011.??.??"]
[EventType "corr"]

1. e4 Nc6 2. d4 e5 3. dxe5 Nxe5 4. Nf3 Nxf3+ 5. Qxf3 Nf6 6. Bf4 d5 7. e5 Ne4 8.
Nd2 Nc5 9. Nb3 c6 10. Be3 Nxb3 11. axb3 Qe7 12. Bd4 Qb4+ 13. Bc3 Qg4 14. Qxg4
Bxg4 15. Bd3 Bc5 16. b4 Bb6 17. h3 Be6 18. b5 c5 19. b3 O-O-O 20. Ke2 Rde8 21.
f4 d4 22. Bd2 Bd5 23. Kf2 f6 24. exf6 gxf6 25. Rhe1 h5 26. Rxe8+ Rxe8 27. g4
hxg4 28. hxg4 Kd8 29. Kg3 Kd7 30. Rd1 1-0

[Event "4MCR_3DW_1L_3S"]
[Site "CR"]
[Date "2011.??.??"]
[Round "?"]
[White "Schwarz, Jan"]
[Black "Valak, Alois"]
[Result "1/2-1/2"]
[WhiteElo "2291"]
[BlackElo "2421"]
[Annotator "034"]
[PlyCount "81"]
[EventDate "2011.??.??"]
[EventType "corr"]

1. e4 e5 2. Nf3 Nc6 3. Bb5 a6 4. Ba4 Nf6 5. O-O Be7 6. Re1 b5 7. Bb3 d6 8. c3
O-O 9. h3 Bb7 10. d4 Re8 11. Nbd2 Bf8 12. a4 h6 13. d5 Nb8 14. c4 bxc4 15. Bxc4
c6 16. dxc6 Bxc6 17. b4 d5 18. exd5 Bxd5 19. Bb2 Bxb4 20. Rxe5 Bxc4 21. Nxc4
Nbd7 22. Re3 Rc8 23. Rxe8+ Qxe8 24. Nd6 Bxd6 25. Qxd6 Qe6 26. Qxe6 fxe6 27. Re1
Rc4 28. a5 Kf7 29. Bd4 Nd5 30. Rb1 Rb4 31. Rxb4 Nxb4 32. Bc3 Nd3 33. Kf1 e5 34.
g3 Ke6 35. Ke2 N7c5 36. Nd2 Kd5 37. Nb3 Nxb3 38. Kxd3 Nc5+ 39. Ke3 Ne6 40. h4
g6 41. f3 1/2-1/2

[Event "4MCR_3DW_1L_3S"]
[Site "CR"]
[Date "2011.??.??"]
[Round "?"]
[White "Vanek, Vladimir"]
[Black "Schwarz, Jan"]
[Result "0-1"]
[WhiteElo "1918"]
[BlackElo "2291"]
[Annotator "035 - PCL"]
[PlyCount "60"]
[EventDate "2011.??.??"]
[EventType "corr"]

1. c4 e5 2. Nc3 Nf6 3. Nf3 Nc6 4. d4 exd4 5. Nxd4 Bb4 6. Bg5 h6 7. Bh4 Bxc3+ 8.
bxc3 Ne5 9. f4 Ng6 10. Bxf6 Qxf6 11. g3 Nf8 12. Bg2 Ne6 13. O-O O-O 14. e4 d6
15. Qd2 Nc5 16. Rae1 Re8 17. Re3 Qd8 18. Nb3 Nxb3 19. axb3 a5 20. Ra1 Be6 21.
Qd4 Bd7 22. e5 dxe5 23. Rxe5 c6 24. Rxe8+ Qxe8 25. Qc5 g6 26. h3 Bf5 27. Qf2 h5
28. Kh2 Qd8 29. Bf1 Qf6 30. Qd2 b6 0-1

[Event "4MCR_3DW_1L_3S"]
[Site "CR"]
[Date "2011.??.??"]
[Round "?"]
[White "Vanek, Vladimir"]
[Black "Glaser, Karel"]
[Result "0-1"]
[WhiteElo "1918"]
[BlackElo "2222"]
[Annotator "036 - PCL"]
[PlyCount "78"]
[EventDate "2011.??.??"]
[EventType "corr"]

1. c4 Nf6 2. d4 e6 3. Nf3 d5 4. Bg5 dxc4 5. Nc3 c6 6. e4 Be7 7. Bxc4 h6 8. Bf4
b5 9. Bd3 b4 10. Na4 Nbd7 11. O-O O-O 12. Bd2 Nb6 13. Rc1 Bb7 14. Bb1 Nfd7 15.
Nc5 Nxc5 16. dxc5 Nd7 17. e5 Qc7 18. Bxb4 a5 19. Ba3 Rfe8 20. Qc2 Nf8 21. Rfd1
Rad8 22. Rd6 Qb8 23. Nd2 Bxd6 24. exd6 Ba6 25. Nb3 a4 26. Nd4 Bb5 27. Qe4 Qb7
28. Nxb5 Qxb5 29. Bd3 Qb7 30. Bc2 Ra8 31. Bxa4 Rec8 32. Bc2 Qb5 33. Bd3 Ra4 34.
Qe3 Qb7 35. Bc2 Ra7 36. Qd3 Qa6 37. Qe4 Qa5 38. h4 Rb8 39. g3 Qb5 0-1

[Event "4MCR_3DW_1L_3S"]
[Site "CR"]
[Date "2011.??.??"]
[Round "?"]
[White "Glaser, Karel"]
[Black "Vanek, Vladimir"]
[Result "1-0"]
[WhiteElo "2222"]
[BlackElo "1918"]
[Annotator "037 - PCL"]
[PlyCount "79"]
[EventDate "2011.??.??"]
[EventType "corr"]

1. e4 c5 2. Nf3 Nc6 3. d4 cxd4 4. Nxd4 e5 5. Nb5 d6 6. N1c3 Nf6 7. Bg5 a6 8.
Na3 b5 9. Bxf6 gxf6 10. Nd5 f5 11. Bd3 Be6 12. Qh5 Rg8 13. g3 Rg6 14. c3 f4 15.
Qd1 Bh6 16. Nc2 Kf8 17. Be2 Rb8 18. Qd3 a5 19. Bh5 Rg5 20. Bf3 Kg8 21. Na3 b4
22. Nb5 bxc3 23. bxc3 Ne7 24. c4 Nxd5 25. cxd5 Bh3 26. a4 Qb6 27. Rb1 Rg6 28.
Bh5 Rg7 29. Na3 Qd8 30. Rxb8 Qxb8 31. Nb5 Qb6 32. Ke2 Rg5 33. Bf3 Rg6 34. Rb1
Bg5 35. Na3 Qc5 36. Rb3 Bd7 37. Qc3 Qa7 38. Kf1 Kg7 39. Nb5 Qb6 40. Qb2 1-0

[Event "4MCR_3DW_1L_3S"]
[Site "CR"]
[Date "2011.??.??"]
[Round "?"]
[White "Vanek, Vladimir"]
[Black "Sykora, Josef"]
[Result "0-1"]
[WhiteElo "1918"]
[BlackElo "2299"]
[Annotator "038 - PCL"]
[PlyCount "70"]
[EventDate "2011.??.??"]
[EventType "corr"]

1. Nf3 Nf6 2. g3 d5 3. Bg2 c6 4. c4 dxc4 5. O-O e6 6. a4 Na6 7. Na3 Bxa3 8.
Rxa3 Nb4 9. b3 cxb3 10. a5 O-O 11. Qxb3 Na6 12. d4 Ne8 13. Ra1 Nd6 14. Ne5 Nb5
15. e3 Qe7 16. Bd2 Bd7 17. Nd3 Rab8 18. Rfc1 Rfd8 19. Rab1 Kh8 20. Nb4 Nxb4 21.
Bxb4 Qe8 22. f4 f6 23. Be4 e5 24. dxe5 fxe5 25. f5 b6 26. axb6 axb6 27. Rd1 c5
28. Be1 Nc7 29. Qb2 Qe7 30. g4 Bb5 31. Bg3 Rxd1+ 32. Rxd1 Re8 33. Qf2 Rd8 34.
Rxd8+ Qxd8 35. h3 Bd3 0-1

[Event "4MCR_3DW_1L_3S"]
[Site "CR"]
[Date "2011.??.??"]
[Round "?"]
[White "Sykora, Josef"]
[Black "Vanek, Vladimir"]
[Result "1-0"]
[WhiteElo "2299"]
[BlackElo "1918"]
[Annotator "039 - PCL"]
[PlyCount "71"]
[EventDate "2011.??.??"]
[EventType "corr"]

1. c4 e5 2. g3 Nf6 3. Bg2 c6 4. d4 exd4 5. Qxd4 d5 6. Nf3 Be7 7. cxd5 cxd5 8.
O-O Nc6 9. Qa4 O-O 10. Nc3 Qb6 11. Qb5 d4 12. Qxb6 axb6 13. Nb5 Rd8 14. Rd1 Ra4
15. e3 dxe3 16. Rxd8+ Bxd8 17. Bxe3 Nd5 18. Bg5 Nf6 19. Nc3 Ra5 20. Rd1 Be7 21.
a3 b5 22. Bxf6 Bxf6 23. Nd5 Bd8 24. Nd2 h5 25. h3 Ra4 26. Nb3 Ra8 27. Nc5 g6
28. Ne4 Be6 29. Nd6 Bxd5 30. Bxd5 Bf6 31. Bxf7+ Kg7 32. Bb3 Rd8 33. Nxb5 Nd4
34. Ba4 Nxb5 35. Rxd8 Bxd8 36. Bxb5 1-0

[Event "4MCR_3DW_1L_3S"]
[Site "CR"]
[Date "2011.??.??"]
[Round "?"]
[White "Vanek, Vladimir"]
[Black "Cvak, Rudolf"]
[Result "0-1"]
[WhiteElo "1918"]
[BlackElo "2057"]
[Annotator "040 - PCL"]
[PlyCount "72"]
[EventDate "2011.??.??"]
[EventType "corr"]

1. d4 Nf6 2. Nf3 e6 3. Bg5 Be7 4. Nbd2 d5 5. e3 O-O 6. Bd3 c5 7. dxc5 a5 8. a4
h6 9. Bh4 Nbd7 10. Nb3 Ne4 11. Bxe7 Qxe7 12. O-O Nexc5 13. Bb5 Nxb3 14. cxb3
Nc5 15. Rc1 b6 16. Rc3 Rd8 17. Nd4 Bb7 18. Qg4 Rdc8 19. Rfc1 Ne4 20. Rxc8+ Rxc8
21. Rxc8+ Bxc8 22. h3 Qc5 23. Qd1 Nd6 24. Be2 e5 25. Nf3 f6 26. Ne1 Bf5 27. Nd3
Bxd3 28. Bxd3 f5 29. Be2 Kf7 30. g3 d4 31. exd4 Qxd4 32. Qc2 Qc5 33. Bc4+ Kf6
34. h4 b5 35. axb5 Nxb5 36. Qe2 Nd4 0-1

[Event "4MCR_3DW_1L_3S"]
[Site "CR"]
[Date "2011.??.??"]
[Round "?"]
[White "Vanek, Vladimir"]
[Black "Jirku, Jaroslav"]
[Result "0-1"]
[WhiteElo "1918"]
[BlackElo "2321"]
[Annotator "041 - PCL"]
[PlyCount "44"]
[EventDate "2011.??.??"]
[EventType "corr"]

1. d4 d5 2. c4 e6 3. Nc3 Nf6 4. Bg5 Be7 5. Nf3 O-O 6. e3 h6 7. Bh4 b6 8. Qb3
Bb7 9. Bxf6 Bxf6 10. cxd5 exd5 11. Rd1 Re8 12. Bd3 c5 13. dxc5 Nd7 14. c6 Bxc6
15. O-O Nc5 16. Qa3 a5 17. Be2 Rc8 18. Nd4 Bxd4 19. exd4 Ne6 20. Qb3 Nf4 21.
Ba6 a4 22. Qc2 Rc7 0-1

[Event "4MCR_3DW_1L_3S"]
[Site "CR"]
[Date "2011.??.??"]
[Round "?"]
[White "Cvak, Rudolf"]
[Black "Vanek, Vladimir"]
[Result "1-0"]
[WhiteElo "2057"]
[BlackElo "1918"]
[Annotator "042 - PCL"]
[PlyCount "75"]
[EventDate "2011.??.??"]
[EventType "corr"]

1. e4 c5 2. Nf3 g6 3. d4 Bg7 4. d5 d6 5. c4 e6 6. Nc3 Nf6 7. Bd3 O-O 8. O-O
exd5 9. exd5 Bg4 10. h3 Bxf3 11. Qxf3 Nbd7 12. Qd1 Nh5 13. Be2 Bxc3 14. bxc3
Nhf6 15. Qc2 Re8 16. Re1 Qc7 17. Bg5 Kg7 18. Qd2 Re5 19. Bh6+ Kg8 20. Bf4 Ree8
21. f3 Nh5 22. Bh2 Re7 23. Bf1 Rae8 24. Rxe7 Rxe7 25. Re1 Rxe1 26. Qxe1 Kf8 27.
Qh4 Nhf6 28. Qh6+ Kg8 29. Qf4 Ne8 30. Qe3 Kf8 31. Qh6+ Kg8 32. g4 f6 33. Bg3
Qa5 34. Qd2 Ne5 35. Kf2 Qa4 36. Qe2 Kf8 37. f4 Nf7 38. Qb2 1-0

[Event "4MCR_3DW_1L_3S"]
[Site "CR"]
[Date "2011.??.??"]
[Round "?"]
[White "Vanek, Vladimir"]
[Black "Pecka, Josef"]
[Result "0-1"]
[WhiteElo "1918"]
[BlackElo "2352"]
[Annotator "043 - PCL"]
[PlyCount "54"]
[EventDate "2011.??.??"]
[EventType "corr"]

1. d4 Nf6 2. c4 g6 3. g3 Bg7 4. Nf3 O-O 5. Bg2 c6 6. O-O d5 7. Ne5 dxc4 8. Nxc4
Nd5 9. Nc3 Be6 10. Ne3 Nb6 11. Nc2 a5 12. e4 Qd7 13. d5 cxd5 14. exd5 Bg4 15.
f3 Bf5 16. Ne3 Bh3 17. Qb3 Bxg2 18. Kxg2 Nc8 19. Bd2 Na6 20. Nc4 a4 21. Qxa4
Qxa4 22. Nxa4 b5 23. Nab6 Rb8 24. Nxc8 Rbxc8 25. Ne3 Bxb2 26. Rab1 Bc3 27. Rfd1
b4 0-1

[Event "4MCR_3DW_1L_3S"]
[Site "CR"]
[Date "2011.??.??"]
[Round "?"]
[White "Sykora, Josef"]
[Black "Valak, Alois"]
[Result "1/2-1/2"]
[WhiteElo "2299"]
[BlackElo "2421"]
[Annotator "044"]
[PlyCount "85"]
[EventDate "2011.??.??"]
[EventType "corr"]

1. c4 e5 2. g3 Nf6 3. Bg2 Nc6 4. Nc3 Bc5 5. a3 a6 6. e3 d6 7. Nge2 O-O 8. O-O
Bf5 9. b4 Ba7 10. d3 Qd7 11. Re1 Kh8 12. Bb2 Bh3 13. Rc1 Bxg2 14. Kxg2 d5 15.
Qb3 d4 16. Nd5 Nxd5 17. cxd5 Ne7 18. e4 Ng6 19. f3 f5 20. Rf1 f4 21. a4 Rf6 22.
Rf2 Raf8 23. b5 axb5 24. Ba3 Ra8 25. Qxb5 c6 26. dxc6 bxc6 27. Qb3 Rb8 28. Qc4
c5 29. Ng1 h6 30. Rb2 Rxb2+ 31. Bxb2 Qd8 32. Ba3 Qa5 33. Qc2 Ra6 34. Nh3 fxg3
35. hxg3 Qxa4 36. Qxa4 Rxa4 37. Bxc5 Bxc5 38. Rxc5 Ra2+ 39. Nf2 Kg8 40. Rc8+
Kf7 41. Rc7+ Kf6 42. Rc6+ Kf7 43. Rc7+ 1/2-1/2

[Event "4MCR_3DW_1L_3S"]
[Site "CR"]
[Date "2011.??.??"]
[Round "?"]
[White "Pecka, Josef"]
[Black "Valak, Alois"]
[Result "1/2-1/2"]
[WhiteElo "2352"]
[BlackElo "2421"]
[Annotator "045"]
[PlyCount "65"]
[EventDate "2011.??.??"]
[EventType "corr"]

1. e4 e5 2. Nf3 Nc6 3. Bc4 Bc5 4. c3 Nf6 5. b4 Bb6 6. d3 d6 7. a4 a5 8. b5 Ne7
9. O-O Ng6 10. Nbd2 O-O 11. Bb3 Bg4 12. h3 Bh5 13. Kh2 Qd7 14. g3 Rfd8 15. Nc4
d5 16. Nxb6 cxb6 17. Bxd5 Nxd5 18. exd5 Qc7 19. Kg1 Qxc3 20. Be3 Nf4 21. gxf4
exf4 22. Bd4 Qb4 23. Be5 Rxd5 24. Re1 h6 25. d4 f6 26. Bxf4 Rf5 27. Bd2 Qb2 28.
Qc1 Qxc1 29. Raxc1 Bxf3 30. Rc7 Kh7 31. Re6 Kg6 32. Rxb6 Re8 33. Be3 1/2-1/2

[Event "4MCR_3DW_1L_3S"]
[Site "CR"]
[Date "2011.??.??"]
[Round "?"]
[White "Glaser, Karel"]
[Black "Valak, Alois"]
[Result "1/2-1/2"]
[WhiteElo "2222"]
[BlackElo "2421"]
[Annotator "046"]
[PlyCount "96"]
[EventDate "2011.??.??"]
[EventType "corr"]

1. e4 e5 2. Nf3 Nc6 3. Bb5 a6 4. Ba4 Nf6 5. O-O Be7 6. Re1 b5 7. Bb3 d6 8. c3
O-O 9. h3 Bb7 10. d4 Re8 11. a4 h6 12. Nbd2 Bf8 13. d5 Nb8 14. Bc2 Nbd7 15. b4
c6 16. dxc6 Bxc6 17. Nb3 Qc7 18. Na5 Nb6 19. Nxc6 Qxc6 20. Bb2 Nc4 21. Bc1 Rad8
22. Qe2 d5 23. axb5 axb5 24. exd5 Nxd5 25. Qe4 g6 26. Qh4 h5 27. Bg5 Rc8 28.
Be4 Nd6 29. Nd2 Bg7 30. g4 Nxe4 31. Nxe4 hxg4 32. hxg4 f6 33. Bd2 Red8 34. Qh3
Rc7 35. Qg2 f5 36. Nc5 Nxb4 37. Qxc6 Rxc6 38. cxb4 Rxd2 39. Ra8+ Kh7 40. Kg2
Kh6 41. Rg8 Rd4 42. Rh1+ Kg5 43. gxf5 Rg4+ 44. Kf3 Rxb4 45. Rc1 Rf4+ 46. Ke2
Rc4 47. Rxc4 bxc4 48. Rxg7 Rxc5 1/2-1/2

[Event "4MCR_3DW_1L_3S"]
[Site "CR"]
[Date "2011.??.??"]
[Round "?"]
[White "Valak, Alois"]
[Black "Glaser, Karel"]
[Result "1/2-1/2"]
[WhiteElo "2421"]
[BlackElo "2222"]
[Annotator "047"]
[PlyCount "97"]
[EventDate "2011.??.??"]
[EventType "corr"]

1. e4 e5 2. Nf3 Nc6 3. Bb5 a6 4. Ba4 Nf6 5. O-O Be7 6. Re1 b5 7. Bb3 O-O 8. h3
Bb7 9. d3 d6 10. a3 Na5 11. Ba2 c5 12. Nbd2 Nc6 13. Nf1 Bc8 14. Ne3 Be6 15. Bd5
Qd7 16. c3 Bd8 17. b4 Bc7 18. Bd2 Rab8 19. Rc1 Rfc8 20. c4 Bb6 21. Bxc6 Rxc6
22. Nd5 Bxd5 23. cxd5 Rc7 24. Bg5 Ne8 25. Qd2 Rbc8 26. Be3 Nf6 27. bxc5 Bxc5
28. Rxc5 Rxc5 29. Bxc5 Rxc5 30. Qa5 Qc8 31. a4 g6 32. Qb6 Ne8 33. axb5 axb5 34.
Kh2 Qc7 35. Qa6 Qc8 36. Qa7 Rc7 37. Qb6 Rb7 38. Qa6 Rb8 39. Qxc8 Rxc8 40. d4 f6
41. Rb1 Rb8 42. Kg1 f5 43. dxe5 fxe4 44. Ng5 dxe5 45. Nxe4 Kf7 46. Ra1 b4 47.
Ra7+ Kf8 48. d6 b3 49. d7 1/2-1/2

[Event "4MCR_3DW_1L_3S"]
[Site "CR"]
[Date "2011.??.??"]
[Round "?"]
[White "Sykora, Josef"]
[Black "Pecka, Josef"]
[Result "1/2-1/2"]
[WhiteElo "2299"]
[BlackElo "2352"]
[Annotator "048"]
[PlyCount "102"]
[EventDate "2011.??.??"]
[EventType "corr"]

1. c4 c5 2. Nf3 Nf6 3. Nc3 e6 4. g3 b6 5. Bg2 Bb7 6. O-O Be7 7. d4 cxd4 8. Nxd4
Bxg2 9. Kxg2 Qc8 10. Qd3 Nc6 11. b3 O-O 12. Bb2 Ne5 13. Qd2 Qb7+ 14. f3 Rfe8
15. Rae1 Bf8 16. Rd1 Rad8 17. Qg5 Ng6 18. e4 a6 19. Rfe1 h6 20. Qe3 Rc8 21. Re2
Rc5 22. Na4 Rh5 23. Nc2 b5 24. Bxf6 gxf6 25. Nb2 f5 26. exf5 Rxf5 27. Qe4 Qxe4
28. fxe4 Rg5 29. Kf1 Ne5 30. cxb5 axb5 31. Nd3 Nxd3 32. Rxd3 d6 33. Nd4 Rc8 34.
Kg2 b4 35. Nc2 Ra5 36. Ne3 Rca8 37. Rdd2 R5a6 38. Nc4 Rd8 39. Kf3 Bg7 40. Rd3
Kf8 41. g4 Ke7 42. h4 Bc3 43. Rg2 Rda8 44. h5 Rxa2 45. Rxa2 Rxa2 46. Rxd6 Ra1
47. Rb6 Rf1+ 48. Kg2 Rf4 49. Rb7+ Kf6 50. Kh3 Rxe4 51. Rxf7+ Kg5 1/2-1/2

[Event "4MCR_3DW_1L_3S"]
[Site "CR"]
[Date "2011.??.??"]
[Round "?"]
[White "Glaser, Karel"]
[Black "Tunega, Frantisek"]
[Result "0-1"]
[WhiteElo "2222"]
[BlackElo "2244"]
[Annotator "049"]
[PlyCount "78"]
[EventDate "2011.??.??"]
[EventType "corr"]

1. e4 c5 2. Nf3 Nc6 3. d4 cxd4 4. Nxd4 Nf6 5. Nc3 e5 6. Ndb5 d6 7. Bg5 a6 8.
Na3 b5 9. Bxf6 gxf6 10. Nd5 f5 11. Bd3 Be6 12. Qh5 Rg8 13. g3 Rg5 14. Qxh7 Nd4
15. c3 Nf3+ 16. Kd1 Bxd5 17. exd5 Qb6 18. Rf1 b4 19. Nc4 Qc5 20. h4 Qxd5 21.
Kc2 bxc3 22. bxc3 e4 23. Be2 Rg7 24. Qh6 Rg6 25. Qe3 Qc6 26. Qb6 d5 27. Qxc6+
Rxc6 28. Bxf3 Rxc4 29. Be2 Rc5 30. Rab1 d4 31. Rfd1 Rxc3+ 32. Kd2 Rc7 33. Ke1
d3 34. Bxd3 exd3 35. Rxd3 Rac8 36. Kf1 Rc1+ 37. Rxc1 Rxc1+ 38. Kg2 Rc2 39. a4
Ra2 0-1

[Event "4MCR_3DW_1L_3S"]
[Site "CR"]
[Date "2011.??.??"]
[Round "?"]
[White "Tunega, Frantisek"]
[Black "Glaser, Karel"]
[Result "1/2-1/2"]
[WhiteElo "2244"]
[BlackElo "2222"]
[Annotator "050"]
[PlyCount "74"]
[EventDate "2011.??.??"]
[EventType "corr"]

1. e4 e5 2. Nf3 Nc6 3. Bb5 a6 4. Ba4 Nf6 5. O-O Be7 6. Re1 b5 7. Bb3 O-O 8. c3
d6 9. h3 Na5 10. Bc2 c5 11. d4 exd4 12. cxd4 Bb7 13. d5 Nd7 14. Nbd2 g6 15. b3
Re8 16. Rb1 Bf6 17. Nf1 Bg7 18. Bb2 Bxb2 19. Rxb2 Bc8 20. Rb1 Qe7 21. Qd2 Nb7
22. Rbc1 Qf6 23. Bd3 Ne5 24. Nxe5 Qxe5 25. Qe3 Qg7 26. Nd2 Bd7 27. Qf4 Re7 28.
Nf3 f6 29. Bb1 Ree8 30. a3 Qe7 31. Qd2 Rac8 32. Nh4 Nd8 33. f4 Nf7 34. Nf3 a5
35. Bd3 Qd8 36. Qf2 Kg7 37. Kh2 Qc7 1/2-1/2

[Event "4MCR_3DW_1L_3S"]
[Site "CR"]
[Date "2011.??.??"]
[Round "?"]
[White "Tunega, Frantisek"]
[Black "Valak, Alois"]
[Result "1/2-1/2"]
[WhiteElo "2244"]
[BlackElo "2421"]
[Annotator "051"]
[PlyCount "55"]
[EventDate "2011.??.??"]
[EventType "corr"]

1. e4 e5 2. Nf3 Nc6 3. Bb5 a6 4. Ba4 Nf6 5. O-O Be7 6. Re1 b5 7. Bb3 d6 8. c3
O-O 9. h3 Bb7 10. d4 Re8 11. Nbd2 Bf8 12. d5 Nb8 13. Nf1 Nbd7 14. Bg5 h6 15.
Bh4 Be7 16. a4 g5 17. Bg3 Nc5 18. Bc2 c6 19. b4 Nxa4 20. Bxa4 bxa4 21. c4 a5
22. b5 cxb5 23. cxb5 Bc8 24. Qxa4 Bd7 25. Ne3 Qb6 26. Reb1 Reb8 27. Nc4 Qc5 28.
Na3 1/2-1/2

[Event "4MCR_3DW_1L_3S"]
[Site "CR"]
[Date "2011.??.??"]
[Round "?"]
[White "Valak, Alois"]
[Black "Dojcinovic, Miroslav"]
[Result "1/2-1/2"]
[WhiteElo "2421"]
[BlackElo "1792"]
[Annotator "052"]
[PlyCount "91"]
[EventDate "2011.??.??"]
[EventType "corr"]

1. e4 e5 2. Nf3 Nc6 3. Bb5 a6 4. Ba4 Nf6 5. O-O b5 6. Bb3 Bc5 7. a4 Bb7 8. c3
d6 9. d4 Bb6 10. Bg5 exd4 11. cxd4 h6 12. Bxf6 Qxf6 13. Bd5 O-O 14. Nc3 b4 15.
Ne2 Na5 16. Bxb7 Nxb7 17. Qd2 Na5 18. Qxb4 Rfe8 19. Qc3 c5 20. e5 cxd4 21. exf6
dxc3 22. Nxc3 Bc5 23. Nd5 Rab8 24. b4 Bxb4 25. fxg7 Kxg7 26. Nc7 Re4 27. Nxa6
Rb7 28. Nxb4 Rbxb4 29. Rfd1 Rxa4 30. Rxa4 Rxa4 31. Nd4 Kf6 32. Nb5 Nc4 33. Nxd6
Nxd6 34. Rxd6+ Ke5 35. Rd1 h5 36. g3 h4 37. Re1+ Kf5 38. h3 hxg3 39. fxg3 Ra2
40. Rf1+ Ke6 41. g4 Ra5 42. Kg2 f5 43. Rxf5 Rxf5 44. gxf5+ Kxf5 45. Kg3 Kg5 46.
h4+ 1/2-1/2

[Event "4MCR_3DW_1L_3S"]
[Site "CR"]
[Date "2011.??.??"]
[Round "?"]
[White "Jirku, Jaroslav"]
[Black "Sykora, Josef"]
[Result "1/2-1/2"]
[WhiteElo "2321"]
[BlackElo "2299"]
[Annotator "053"]
[PlyCount "67"]
[EventDate "2011.??.??"]
[EventType "corr"]

1. e4 e5 2. Nf3 Nc6 3. Bb5 Nf6 4. O-O Nxe4 5. d4 Nd6 6. Bxc6 dxc6 7. dxe5 Nf5
8. Qxd8+ Kxd8 9. Nc3 Ke8 10. h3 Be6 11. Rd1 Bb4 12. Bd2 Rd8 13. a3 Be7 14. Bf4
h6 15. g4 Nh4 16. Nxh4 Bxh4 17. Kg2 Be7 18. f3 h5 19. a4 a6 20. b3 c5 21. Rxd8+
Kxd8 22. Rd1+ Kc8 23. Nd5 Bd8 24. Bg3 c4 25. bxc4 c6 26. Ne3 g6 27. Rd3 Ba5 28.
Bf2 hxg4 29. hxg4 Bb6 30. Be1 Rd8 31. Bd2 Bxe3 32. Bxe3 Bxc4 33. Rxd8+ Kxd8 34.
a5 1/2-1/2

[Event "4MCR_3DW_1L_3S"]
[Site "CR"]
[Date "2011.??.??"]
[Round "?"]
[White "Sykora, Josef"]
[Black "Tunega, Frantisek"]
[Result "1/2-1/2"]
[WhiteElo "2299"]
[BlackElo "2244"]
[Annotator "054"]
[PlyCount "78"]
[EventDate "2011.??.??"]
[EventType "corr"]

1. c4 Nf6 2. g3 g6 3. Bg2 Bg7 4. Nc3 O-O 5. d4 d6 6. Nf3 Nbd7 7. O-O e5 8. h3
c6 9. e4 Re8 10. Re1 exd4 11. Nxd4 Nc5 12. Rb1 a5 13. b3 Qe7 14. Bf4 Nfd7 15.
Qd2 Ne5 16. Red1 a4 17. Bg5 Qf8 18. Be3 axb3 19. axb3 Qe7 20. f4 Ned7 21. Bf2
h5 22. b4 Na4 23. Nxa4 Rxa4 24. Rb3 Nf6 25. Qc2 Qc7 26. b5 Bd7 27. bxc6 bxc6
28. Re3 Rb4 29. Qd3 Qc8 30. e5 dxe5 31. Rxe5 Ra4 32. Rxe8+ Nxe8 33. Nb3 Bf5 34.
Qe2 Bf6 35. Nc5 Rb4 36. Kh2 Ng7 37. Rd6 Rb2 38. Rd2 Rxd2 39. Qxd2 Be7 1/2-1/2

[Event "4MCR_3DW_1L_3S"]
[Site "CR"]
[Date "2011.??.??"]
[Round "?"]
[White "Tunega, Frantisek"]
[Black "Sykora, Josef"]
[Result "1/2-1/2"]
[WhiteElo "2244"]
[BlackElo "2299"]
[Annotator "055"]
[PlyCount "79"]
[EventDate "2011.??.??"]
[EventType "corr"]

1. e4 e5 2. Nf3 Nc6 3. Bb5 Nf6 4. O-O Nxe4 5. d4 Nd6 6. Bxc6 dxc6 7. dxe5 Nf5
8. Qxd8+ Kxd8 9. Nc3 Ke8 10. h3 Be6 11. Rd1 Bb4 12. Ne2 Bd5 13. Ned4 Nxd4 14.
Nxd4 Rd8 15. c3 Be7 16. Be3 a6 17. Nf5 Bf8 18. b3 h6 19. Ng3 c5 20. c4 Bc6 21.
Nh5 b6 22. Bd2 g6 23. Nf6+ Ke7 24. Bc3 Bg7 25. Nd5+ Bxd5 26. cxd5 f6 27. f4
fxe5 28. fxe5 Rhe8 29. Rd3 Kf7 30. Re1 g5 31. g4 Kg6 32. Kg2 Re7 33. a4 Red7
34. Red1 Re8 35. a5 bxa5 36. Re3 Rde7 37. e6 Bxc3 38. Rxc3 Rd8 39. Rxc5 Rxe6
40. dxe6 1/2-1/2

[Event "4MCR_3DW_1L_3S"]
[Site "CR"]
[Date "2011.??.??"]
[Round "?"]
[White "Pecka, Josef"]
[Black "Cvak, Rudolf"]
[Result "1/2-1/2"]
[WhiteElo "2352"]
[BlackElo "2057"]
[Annotator "056"]
[PlyCount "114"]
[EventDate "2011.??.??"]
[EventType "corr"]

1. e4 c5 2. Nf3 d6 3. d4 cxd4 4. Nxd4 Nf6 5. Nc3 a6 6. Be3 e5 7. Nf3 Be7 8. Bc4
O-O 9. O-O Nc6 10. Re1 b5 11. Bf1 Rb8 12. Bg5 Be6 13. Bxf6 Bxf6 14. Nd5 Bxd5
15. Qxd5 Qc7 16. c3 Ne7 17. Qd2 Rfd8 18. a4 d5 19. Qc2 Nc6 20. exd5 Rxd5 21.
Qe4 Rd6 22. h4 bxa4 23. Qxa4 a5 24. Ra2 Qd8 25. Qe4 g6 26. Bc4 Kg7 27. g3 Qd7
28. b3 h6 29. Kg2 h5 30. Qe3 Rd8 31. Ng5 Bxg5 32. hxg5 Qf5 33. Raa1 Qc2 34. Re2
Qf5 35. Qf3 Rc8 36. Ra4 Rcd8 37. Raa2 R8d7 38. Qe3 e4 39. Qf4 Qxf4 40. gxf4 Re7
41. Re3 f6 42. gxf6+ Kxf6 43. Kg3 Kf5 44. Be2 h4+ 45. Kxh4 Kxf4 46. Kh3 Rd5 47.
Rg3 Ne5 48. Kg2 g5 49. Rh3 g4 50. Rh6 Rb7 51. Rf6+ Kg5 52. Bc4 Kxf6 53. Bxd5
Rb5 54. c4 Rxb3 55. Bxe4 g3 56. Rxa5 gxf2 57. Kxf2 Nxc4 1/2-1/2